<?xml version="1.0" encoding="UTF-8"?>
<marc:record xmlns:marc="http://www.loc.gov/MARC21/slim">
   <marc:leader>00000nam a2200000 a 4500</marc:leader>
   <marc:datafield ind1="1" ind2=" " tag="100">
      <marc:subfield code="a">Grossmann-Hensel, Katharina</marc:subfield>
      <marc:subfield code="4">aut</marc:subfield>
      <marc:subfield code="e">Verfasser/-in</marc:subfield>
   </marc:datafield>
   <marc:datafield ind1=" " ind2=" " tag="653">
      <marc:subfield code="a">Erzählerische Bilderbücher</marc:subfield>
   </marc:datafield>
   <marc:datafield ind1="0" ind2="0" tag="245">
      <marc:subfield code="a">Sachen kaputt machen</marc:subfield>
   </marc:datafield>
   <marc:datafield ind1="0" ind2="0" tag="245">
      <marc:subfield code="c">Grossmann-Hensel, Katharina</marc:subfield>
   </marc:datafield>
   <marc:datafield ind1=" " ind2="1" tag="264">
      <marc:subfield code="a">Berlin</marc:subfield>
      <marc:subfield code="b">Annette Betz im Ueberreuter Verlag</marc:subfield>
      <marc:subfield code="c">2022</marc:subfield>
   </marc:datafield>
   <marc:datafield ind1=" " ind2=" " tag="250">
      <marc:subfield code="a">1. Auflage</marc:subfield>
   </marc:datafield>
   <marc:datafield ind1="1" ind2=" " tag="520">
      <marc:subfield code="a">Angaben aus der Verlagsmeldung &#xD;
&#xD;
 Sachen kaputt machen  / von Katharina Grossmann-Hensel&#xD;
&#xD;
&#xD;
            &#xD;
&#xD;
                Eine Geschichte übers Zerdeppern und Wieder-heile-Machen - ein Thema, das alle Familien kennen für alle ab 4 Jahren&#xD;
            &#xD;
            &#xD;
KAPUTT, KAPUTT, KAPUTT, BUMM, TSCHAK, DONG ...&#xD;
Nichts macht so viel Spaß wie Bauklotz-Türme umschubsen, Sandburgen zertreten und Sachen scheppernd fallen lassen! Doch was, wenn dabei etwas zu Bruch geht?&#xD;
Katharina Grossmann-Hensel erzählt in diesem wunderbaren Bilderbuch von der großen Freude am Kaputtmachen, von übermütigen Kindern, mahnenden Eltern und vom großen Heile-Machen und Entschuldigung-Sagen.&#xD;
            &#xD;
&#xD;
                Mit Herz und viel Humor erzählt von BRIGITTE-Kolumnistin Katharina Grossmann-Hensel</marc:subfield>
   </marc:datafield>
   <marc:datafield ind1=" " ind2=" " tag="020">
      <marc:subfield code="a">9783219119473</marc:subfield>
      <marc:subfield code="9">9783219119473</marc:subfield>
   </marc:datafield>
   <marc:datafield ind1=" " ind2=" " tag="020">
      <marc:subfield code="a">3219119476</marc:subfield>
      <marc:subfield code="9">3219119476</marc:subfield>
   </marc:datafield>
   <marc:datafield ind1=" " ind2=" " tag="041">
      <marc:subfield code="a">ger</marc:subfield>
   </marc:datafield>
   <marc:datafield ind1=" " ind2=" " tag="300">
      <marc:subfield code="b">durchgehend farbig illustriert</marc:subfield>
   </marc:datafield>
   <marc:datafield ind1=" " ind2=" " tag="338">
      <marc:subfield code="a">Band</marc:subfield>
   </marc:datafield>
   <marc:datafield ind1=" " ind2=" " tag="300">
      <marc:subfield code="a">32 Seiten</marc:subfield>
   </marc:datafield>
</marc:record>
